Pravidlá a postupy pri zabezpečovaní dodávok energií

Elektrická energia a zemný plyn sú kľúčovými komoditami a pri ich obstarávaní je potrebné použiť niektorý z postupov verejného obstarávania. V článku aurorka informuje, ako by mali verejní obstarávatelia postupovať pri zabezpečovaní dodávok energií.

Salvato in:
Dettagli Bibliografici
Autore principale: Scheberová, Magdaléna
Natura: Capitolo di libro
Lingua:slovacco
Soggetti:
Tags: Aggiungi Tag
Nessun Tag, puoi essere il primo ad aggiungerne!!

MARC

LEADER 00000naa a2200000 4500
001 0303126
005 20240722073122.9
041 0 |a slo 
044 |a SK 
245 1 0 |a Pravidlá a postupy pri zabezpečovaní dodávok energií  |c Magdaléna Scheberová 
520 |a Elektrická energia a zemný plyn sú kľúčovými komoditami a pri ich obstarávaní je potrebné použiť niektorý z postupov verejného obstarávania. V článku aurorka informuje, ako by mali verejní obstarávatelia postupovať pri zabezpečovaní dodávok energií. 
610 2 0 |a obstarávanie verejné 
610 2 0 |a energia elektrická 
610 2 0 |a plyn zemný 
610 2 0 |a komodity 
610 2 0 |a hodnota 
100 1 |a Scheberová, Magdaléna